|
|
|
|
| LEADER |
00632nam a22001811a 4500 |
| 001 |
000716191 |
| 003 |
CZ BrMZK |
| 005 |
20100118073406.0 |
| 008 |
040517s1911 xr f cze d |
| 040 |
|
|
|a BOA001
|b cze
|c BOA001
|
| 100 |
1 |
|
|a Jašek, Alois,
|d 1887-1953
|7 jk01051317
|4 aut
|
| 245 |
1 |
0 |
|a Msgr. Th. Dr. Ant. Cyr. Stojan, probošt a poslanec /
|c Adolf Jašek, J. Staněk
|
| 260 |
|
|
|a Kroměříž :
|b [s.n.],
|c 1911
|f (I. Slovák)
|
| 700 |
1 |
|
|a Staněk, J.
|c dějiny
|4 aut
|
| 910 |
|
|
|a BOA001
|b PK-II-0033.951
|
| 990 |
|
|
|a BK
|
| 993 |
|
|
|a Y
|
| 996 |
6 |
|
|b 3119645501
|c PK-II-0033.951
|l MZK
|r Sklad / do 1 hodiny
|n 2
|w 000716191
|u 000010
|a 1
|e BOA001
|j MZK50
|s P
|